[Event "TCh-FRA Top 12 2011"]
[Site "Mulhouse FRA"]
[Date "2011.05.28"]
[Round "3.6"]
[White "Gozzoli, Yannick"]
[Black "Shoker, Samy"]
[Result "1-0"]
[WhiteTitle "IM"]
[BlackTitle "IM"]
[WhiteElo "2530"]
[BlackElo "2466"]
[WhiteTeam "Marseille Echecs"]
[BlackTeam "Lutece Echecs"]
[WhiteFideId "616915"]
[BlackFideId "627143"]
[EventDate "2011.05.26"]

1. d4 d6 2. c4 Nf6 3. Nc3 Bf5 4. Nf3 g6 5. e3 Bg7 6. Bd3 Bxd3 7. Qxd3 O-O 8. O-O
Nc6 9. e4 Nd7 10. Be3 a5 11. b3 h6 12. a3 e5 13. d5 Nc5 14. Qd1 Nd4 15. Rb1 a4
16. b4 Ncb3 17. Ne1 c6 18. dxc6 bxc6 19. Nxa4 Rxa4 20. Bxd4 Nxd4 21. Qxa4 f5 22.
Nc2 Ne2+ 23. Kh1 Qh4 24. Rbe1 Nf4 25. Qb3 fxe4 26. Rxe4 Qg5 27. Ne3 Kh7 28. g3
Ne2 29. Qd3 Nd4 30. f4 Qh5 31. fxe5 Rxf1+ 32. Qxf1 Bxe5 33. Kg2 Kg7 34. Qd1 Qg5
35. Rxd4 Qxe3 36. Rd2 Qxa3 37. Qf3 Qxb4 38. Rf2 Qc3 39. Qf7+ Kh8 40. Ra2 Bg7 41.
Ra8+ 1-0

[Event "TCh-FRA Top 12 2011"]
[Site "Mulhouse FRA"]
[Date "2011.05.28"]
[Round "3.7"]
[White "San Emeterio Cabanes, Jose L."]
[Black "Collas, Didier"]
[Result "1/2-1/2"]
[WhiteTitle "FM"]
[BlackTitle "IM"]
[WhiteElo "2398"]
[BlackElo "2381"]
[WhiteTeam "Lutece Echecs"]
[BlackTeam "Marseille Echecs"]
[WhiteFideId "2223120"]
[BlackFideId "602680"]
[EventDate "2011.05.26"]

1. d4 Nf6 2. Nf3 d5 3. c4 e6 4. Nc3 Be7 5. Bg5 h6 6. Bh4 O-O 7. e3 Ne4 8. Bxe7
Qxe7 9. Rc1 Nxc3 10. Rxc3 c6 11. Bd3 dxc4 12. Bxc4 Nd7 13. O-O e5 14. e4 exd4
15. Qxd4 Nb6 16. Bb3 Be6 17. e5 Rfd8 18. Qe4 Bd5 19. Qf5 Bxb3 20. Rxb3 Rd5 21.
Re1 Na4 22. g4 Nc5 23. Rbe3 Qe6 24. Qxe6 fxe6 25. Nh4 Nd3 26. Rd1 Rad8 27. Ng6
Kf7 28. Nh8+ Kg8 1/2-1/2

[Event "TCh-FRA Top 12 2011"]
[Site "Mulhouse FRA"]
[Date "2011.05.28"]
[Round "3.8"]
[White "Delorme, Laurie"]
[Black "Babault, Patrice"]
[Result "1/2-1/2"]
[WhiteTitle "WIM"]
[BlackTitle "FM"]
[WhiteElo "2204"]
[BlackElo "2400"]
[WhiteTeam "Marseille Echecs"]
[BlackTeam "Lutece Echecs"]
[WhiteFideId "630829"]
[BlackFideId "623822"]
[EventDate "2011.05.26"]

1. d4 d5 2. c4 c6 3. cxd5 cxd5 4. Nc3 Nf6 5. Bf4 Nc6 6. e3 Bg4 7. Qb3 Na5 8.
Qa4+ Bd7 9. Bb5 Nc6 10. Qb3 e6 11. Nf3 Be7 12. h3 O-O 13. Bd3 Na5 14. Qc2 Rc8
15. Ne5 Nc4 16. O-O b5 17. Qe2 Be8 18. Rac1 Nd7 19. Nxd7 Qxd7 20. Nxb5 Qxb5 21.
b3 Qa5 22. bxc4 Ba3 23. Rb1 dxc4 24. Bxc4 Bc6 25. Rb3 Be7 26. Bd3 Bd5 27. Rb5
Qa4 28. Rb2 f5 29. Be5 Bf6 30. Bxf6 Rxf6 31. Rfb1 Qc6 32. Rc2 Qa8 33. Rxc8+ Qxc8
34. Ba6 Qa8 35. f3 h6 36. Bd3 Qd8 37. Rc1 Rf8 38. Bc4 Kh8 39. Bxd5 exd5 40. Qa6
Qg5 41. Qe6 Kh7 42. Qe5 Rf6 43. Kf2 Rb6 44. Rc2 Rb1 45. g4 Rh1 46. Kg2 Re1 47.
Qxd5 Rxe3 48. Qxf5+ Qxf5 49. gxf5 Rd3 50. f6 gxf6 51. Rc7+ Kg6 52. Rxa7 Rxd4 53.
Kg3 f5 54. Ra6+ Kg5 55. h4+ Kh5 56. Rf6 Rd5 57. Kf4 Rd4+ 58. Kxf5 Ra4 59. Re6
Ra8 60. Re4 1/2-1/2

[Event "TCh-FRA Top 12 2011"]
[Site "Mulhouse FRA"]
[Date "2011.05.29"]
[Round "4.3"]
[White "Miton, Kamil"]
[Black "Battaglini, Gabriel"]
[Result "1-0"]
[WhiteTitle "GM"]
[BlackTitle "IM"]
[WhiteElo "2619"]
[BlackElo "2412"]
[WhiteTeam "Marseille Echecs"]
[BlackTeam "C.E. de Rueil Malmaison"]
[WhiteFideId "1111914"]
[BlackFideId "621650"]
[EventDate "2011.05.26"]

1. d4 Nf6 2. c4 e6 3. Nf3 d5 4. Nc3 Bb4 5. cxd5 exd5 6. Bg5 Nbd7 7. e3 c5 8.
dxc5 Qa5 9. Rc1 O-O 10. Nd2 b6 11. c6 d4 12. cxd7 dxc3 13. bxc3 Bxc3 14. Bxf6
gxf6 15. dxc8=Q Raxc8 16. Bc4 Rcd8 17. Qg4+ Kh8 18. O-O Bxd2 19. Rc2 Bb4 20. Bb3
Bd6 21. Rc4 Rg8 22. Qh3 Rg7 23. g3 Rdg8 24. Rd1 Be5 25. Rh4 Qc5 26. Bc4 Qc8 27.
Rd7 f5 28. Qxf5 f6 29. Rd5 1-0

[Event "TCh-FRA Top 12 2011"]
[Site "Mulhouse FRA"]
[Date "2011.05.29"]
[Round "4.5"]
[White "Delchev, Aleksander"]
[Black "Dubessay, Bastien"]
[Result "1-0"]
[WhiteTitle "GM"]
[BlackTitle "FM"]
[WhiteElo "2619"]
[BlackElo "2325"]
[WhiteTeam "Marseille Echecs"]
[BlackTeam "C.E. de Rueil Malmaison"]
[WhiteFideId "2900394"]
[BlackFideId "650048"]
[EventDate "2011.05.26"]

1. c4 Nf6 2. Nc3 d5 3. cxd5 Nxd5 4. g3 g6 5. Bg2 Nxc3 6. bxc3 Bg7 7. Nf3 O-O 8.
O-O c5 9. Rb1 Nc6 10. Qa4 Qc7 11. Qh4 Bd7 12. d3 Rfe8 13. Bf4 e5 14. Bh6 f6 15.
Nd2 b6 16. Ne4 Rf8 17. f4 exf4 18. Bxf4 Ne5 19. d4 cxd4 20. cxd4 g5 21. Bxe5 Qd8
22. Nxg5 fxg5 23. Bd5+ Kh8 24. Rxf8+ Qxf8 25. Qxg5 Re8 26. Rf1 1-0

[Event "TCh-FRA Top 12 2011"]
[Site "Mulhouse FRA"]
[Date "2011.05.29"]
[Round "4.6"]
[White "Gouanelle, Franck"]
[Black "Collas, Didier"]
[Result "0-1"]
[BlackTitle "IM"]
[WhiteElo "2157"]
[BlackElo "2381"]
[WhiteTeam "C.E. de Rueil Malmaison"]
[BlackTeam "Marseille Echecs"]
[WhiteFideId "627542"]
[BlackFideId "602680"]
[EventDate "2011.05.26"]

1. d4 d5 2. c4 e6 3. Nf3 Nf6 4. g3 dxc4 5. Ne5 c5 6. Na3 cxd4 7. Naxc4 Qd5 8.
Rg1 Nbd7 9. Bg2 Qc5 10. b4 Qb5 11. Qd3 Bxb4+ 12. Kf1 O-O 13. Rb1 Nxe5 14. Nxe5
Qxd3 15. exd3 Bd6 16. Nc4 Bc7 17. Ba3 Rd8 18. Bc5 e5 19. Re1 Bf5 20. Ke2 e4 21.
Be7 exd3+ 22. Kd1 Be6 23. Bxd8 Rxd8 24. Rxe6 fxe6 25. Bxb7 Rb8 0-1

[Event "TCh-FRA Top 12 2011"]
[Site "Mulhouse FRA"]
[Date "2011.05.29"]
[Round "4.7"]
[White "Delorme, Laurie"]
[Black "Manoeuvre, Antoine"]
[Result "1-0"]
[WhiteTitle "WIM"]
[WhiteElo "2204"]
[BlackElo "2215"]
[WhiteTeam "Marseille Echecs"]
[BlackTeam "C.E. de Rueil Malmaison"]
[WhiteFideId "630829"]
[BlackFideId "655422"]
[EventDate "2011.05.26"]

1. d4 Nf6 2. c4 g6 3. Nc3 Bg7 4. e4 d6 5. Nf3 O-O 6. h3 c5 7. d5 e6 8. Bd3 exd5
9. exd5 Re8+ 10. Be3 Nbd7 11. O-O a6 12. Bf4 Qc7 13. a4 b6 14. Qd2 Bb7 15. Bh6
Ne5 16. Nxe5 Bxh6 17. Qxh6 Rxe5 18. Qd2 Rae8 19. f4 Re3 20. Nd1 R3e7 21. f5 Rf8
22. Qh6 Ree8 23. Nc3 Qe7 24. Rf3 Qe5 25. Raf1 Re7 26. Kh1 Bc8 27. g4 1-0

[Event "TCh-FRA Top 12 2011"]
[Site "Mulhouse FRA"]
[Date "2011.05.29"]
[Round "4.8"]
[White "Wilson, Alexandra"]
[Black "Chauvet, Vincent"]
[Result "1-0"]
[WhiteTitle "WFM"]
[WhiteElo "2021"]
[BlackElo "2068"]
[WhiteTeam "C.E. de Rueil Malmaison"]
[BlackTeam "Marseille Echecs"]
[WhiteFideId "411000"]
[BlackFideId "20646682"]
[EventDate "2011.05.26"]

1. e4 e5 2. Nf3 Nc6 3. Bb5 a6 4. Ba4 Nge7 5. c3 g6 6. O-O Bg7 7. d4 exd4 8. cxd4
b5 9. Bb3 O-O 10. Nc3 Na5 11. Bc2 d6 12. h3 Bb7 13. Bg5 h6 14. Bh4 Qd7 15. Qd3
Nac6 16. a3 Nd8 17. d5 Rc8 18. Rad1 c6 19. dxc6 Rxc6 20. Bg3 Ne6 21. Qe3 Nc8 22.
e5 Nb6 23. Be4 d5 24. Nxd5 Nxd5 25. Bxd5 Rc7 26. Bxb7 1-0

[Event "TCh-FRA Top 12 2011"]
[Site "Mulhouse FRA"]
[Date "2011.05.29"]
[Round "4.4"]
[White "Roos, Daniel"]
[Black "Edouard, Romain"]
[Result "0-1"]
[WhiteTitle "IM"]
[BlackTitle "GM"]
[WhiteElo "2389"]
[BlackElo "2602"]
[WhiteTeam "C.E. Strasbourg"]
[BlackTeam "L'Echiquier Chalonnais"]
[WhiteFideId "600253"]
[BlackFideId "633429"]

1. e4 c5 2. Nc3 d6 3. g3 g6 4. Bg2 Bg7 5. d3 Nc6 6. f4 e6 7. Nf3 Nge7 8. O-O O-O
9. Be3 Rb8 10. Qd2 Nd4 11. Bf2 Nec6 12. Nxd4 Nxd4 13. Nd1 b6 14. c3 Nc6 15. Ne3
Ba6 16. g4 b5 17. a3 Na5 18. Qc2 Bb7 19. b4 Nc6 20. Rab1 Ba8 21. Qd2 Qf6 22. Nd1
Qe7 23. d4 cxd4 24. cxd4 e5 25. d5 Nd4 26. f5 Rfc8 27. Rb2 Bf6 28. Be3 g5 29. h4
h6 30. Nf2 Rc4 31. Nh3 Rbc8 32. hxg5 hxg5 33. Rf2 Rc3 34. Ra2 Nb3 35. Qe2 Nc1
36. Bxc1 Rxc1+ 37. Rf1 R1c4 38. Rf3 Qf8 39. Kh2 Qh6 40. Qe3 Qh4 41. Rg3 Bxd5 42.
exd5 e4 43. Bxe4 Re8 44. Re2 Rexe4 45. Qxe4 Rxe4 46. Rxe4 Be5 47. Kg2 Qh8 0-1

[Event "TCh-FRA Top 12 2011"]
[Site "Mulhouse FRA"]
[Date "2011.05.29"]
[Round "4.5"]
[White "Vernay, Clovis"]
[Black "Reinhart, Emmanuel"]
[Result "0-1"]
[WhiteTitle "IM"]
[BlackTitle "FM"]
[WhiteElo "2462"]
[BlackElo "2357"]
[WhiteTeam "L'Echiquier Chalonnais"]
[BlackTeam "C.E. Strasbourg"]
[WhiteFideId "633046"]
[BlackFideId "619400"]
[EventDate "2011.05.26"]

1. d4 c6 2. c4 d5 3. Nf3 Nf6 4. e3 e6 5. Nbd2 Nbd7 6. Bd3 Bd6 7. O-O O-O 8. e4
dxe4 9. Nxe4 Nxe4 10. Bxe4 Nf6 11. Bc2 h6 12. b3 Qe7 13. a3 Rd8 14. Qe2 b6 15.
Re1 Bb7 16. Bb2 a5 17. Qd3 b5 18. Ne5 bxc4 19. bxc4 Qc7 20. d5 cxd5 21. Ng4 Ne4
22. cxd5 f5 23. Rxe4 Bxd5 24. Rd4 Be4 25. Qb3 Qxc2 26. Qxe6+ Kh7 27. Nf6+ Kh8
28. Nxe4 Qxb2 29. Rad1 Bxh2+ 30. Kxh2 Rxd4 31. Rxd4 Qxd4 32. Qxf5 Re8 0-1

[Event "TCh-FRA Top 12 2011"]
[Site "Mulhouse FRA"]
[Date "2011.05.29"]
[Round "4.5"]
[White "Sokolov, Andrei1"]
[Black "Clery, Nicolas"]
[Result "1-0"]
[WhiteTitle "GM"]
[BlackTitle "IM"]
[WhiteElo "2573"]
[BlackElo "2396"]
[WhiteTeam "Mulhouse Philidor"]
[BlackTeam "A.J.E. Noyon"]
[WhiteFideId "627089"]
[BlackFideId "614904"]
[EventDate "2011.05.26"]

1. e4 e5 2. Nf3 Nc6 3. Bb5 Nf6 4. O-O Nxe4 5. d4 Nd6 6. Bxc6 dxc6 7. dxe5 Nf5 8.
Qxd8+ Kxd8 9. h3 Ke8 10. Nc3 h5 11. Bg5 Be6 12. b3 a5 13. Rad1 Be7 14. Ne4 b6
15. Rfe1 h4 16. Nd4 Nxd4 17. Rxd4 Rh5 18. f4 Rd8 19. Rxd8+ Kxd8 20. Kf2 Rh8 21.
Rd1+ Ke8 22. Ke3 Bf5 23. c4 Bxg5 24. Nxg5 Rh6 25. c5 Ke7 26. Nf3 f6 27. Rc1 Bd7
28. Rc2 Bf5 29. Rc1 Bd7 30. Nd4 fxe5 31. fxe5 Rg6 32. Kf2 Rg5 33. cxb6 cxb6 34.
Nxc6+ Bxc6 35. Rxc6 Rf5+ 36. Kg1 Rxe5 37. Rxb6 Re2 38. a4 Rb2 39. Rb5 Kf6 40.
Rxa5 Rxb3 41. Rb5 Ra3 42. Rb4 g5 43. Rg4 Re3 44. Kf2 Re5 45. Rb4 Kg6 46. Kf3 Kh5
47. Re4 Rc5 48. Ke3 Rc2 49. Rg4 Rc3+ 50. Kd2 Rc5 51. Kd3 Rc1 52. Kd2 Rc5 53. Rb4
Rf5 54. Kc3 Rf2 55. Rb2 Rf1 56. Ra2 Rc1+ 57. Kd4 g4 58. a5 gxh3 59. gxh3 Kg5 60.
a6 Rc8 61. a7 Ra8 62. Kc5 Kf4 63. Ra3 1-0

[Event "TCh-FRA Top 12 2011"]
[Site "Mulhouse FRA"]
[Date "2011.05.29"]
[Round "4.6"]
[White "Nguyen, Chi-Minh"]
[Black "Riff, Jean-Noel"]
[Result "0-1"]
[WhiteTitle "IM"]
[BlackTitle "IM"]
[WhiteElo "2381"]
[BlackElo "2502"]
[WhiteTeam "A.J.E. Noyon"]
[BlackTeam "Mulhouse Philidor"]
[WhiteFideId "608661"]
[BlackFideId "611190"]
[EventDate "2011.05.26"]

1. d4 Nf6 2. c4 e6 3. Nc3 Bb4 4. e3 b6 5. Ne2 c5 6. a3 Ba5 7. Rb1 Na6 8. g3 Bb7
9. d5 b5 10. Bg2 bxc4 11. O-O O-O 12. e4 d6 13. Qa4 exd5 14. Nxd5 Nxd5 15. exd5
Bb6 16. Qxc4 Nc7 17. Re1 Re8 18. Be3 Ba6 19. Qg4 Qc8 20. Qf4 Qd7 21. Nc3 Re5 22.
Bd2 Rae8 23. Rxe5 Rxe5 24. Re1 Rxe1+ 25. Bxe1 Qe7 26. Bd2 Bd3 27. Be4 Bxe4 28.
Nxe4 Nxd5 29. Qxd6 Qxd6 30. Nxd6 Bc7 31. Nc4 Nb6 32. Na5 Kf8 33. Be3 Nd7 34. Nb7
Bb6 35. b3 Ke7 36. Kf1 Ke6 37. a4 Kd5 38. Bd2 Bc7 39. Ke2 c4 40. bxc4+ Kxc4 41.
Kd1 Kb3 42. a5 Kc4 43. Be3 a6 44. Bb6 Nxb6 45. axb6 Bxb6 46. Nd6+ Kd5 47. Nxf7
Bxf2 48. Ke2 Bd4 49. Ng5 h6 50. Nf3 Kc4 51. Nd2+ Kc3 52. Nb1+ Kc2 53. Na3+ Kb2
54. Nc4+ Kc3 0-1

[Event "TCh-FRA Top 12 2011"]
[Site "Mulhouse FRA"]
[Date "2011.05.29"]
[Round "4.7"]
[White "Bricard, Emmanuel"]
[Black "Van Heirzeele, Daniel"]
[Result "1-0"]
[WhiteTitle "GM"]
[WhiteElo "2492"]
[BlackElo "2143"]
[WhiteTeam "Mulhouse Philidor"]
[BlackTeam "A.J.E. Noyon"]
[WhiteFideId "600245"]
[BlackFideId "200425"]
[EventDate "2011.05.26"]

1. g3 c5 2. Bg2 Nc6 3. c4 g6 4. Nc3 Bg7 5. d3 d6 6. Qd2 e5 7. b3 Nge7 8. Bb2 O-O
9. e3 Be6 10. Nd5 Qd7 11. Ne2 h6 12. h4 Rab8 13. h5 g5 14. f4 g4 15. O-O f5 16.
e4 Nd4 17. Nxd4 exd4 18. Nxe7+ Qxe7 19. Rae1 Qd7 20. Rf2 Rfe8 21. Rfe2 b6 22. b4
a6 23. Bc1 b5 24. exf5 Bxf5 25. Bd5+ Kf8 26. Ba3 Re3 27. bxc5 Rxg3+ 28. Rg2 Rxd3
29. c6 Qc7 30. Qa5 1-0

[Event "TCh-FRA Top 12 2011"]
[Site "Mulhouse FRA"]
[Date "2011.05.29"]
[Round "4.8"]
[White "Tissot, Alice"]
[Black "Richard, Emma"]
[Result "1-0"]
[WhiteElo "1948"]
[BlackElo "2073"]
[WhiteTeam "A.J.E. Noyon"]
[BlackTeam "Mulhouse Philidor"]
[WhiteFideId "646687"]
[BlackFideId "657590"]
[EventDate "2011.05.26"]

1. e4 c5 2. Nf3 Nc6 3. d4 cxd4 4. Nxd4 e5 5. Nb5 d6 6. N1c3 a6 7. Na3 b5 8. Nd5
Nge7 9. c4 Nd4 10. cxb5 Nxd5 11. exd5 Be7 12. Bd3 Bd7 13. O-O Nxb5 14. Nxb5 axb5
15. Bd2 O-O 16. Qb3 Rb8 17. Bb4 f5 18. Rfc1 Rf6 19. Rc2 Rg6 20. Rac1 Bg5 21. Re1
Bf4 22. g3 Bg5 23. Kh1 Rh6 24. f3 Qe8 25. f4 Bd8 26. fxe5 dxe5 27. Bd2 Rg6 28.
Bf4 Bf6 29. Rce2 Qc8 30. Bxe5 Bxe5 31. Rxe5 Rf6 32. Qc2 Qb7 33. Bf1 Rc8 34. Qb3
Qb6 35. Re7 Qd6 36. Bg2 Rcf8 37. Qc3 Bc8 38. Qc7 Qxc7 39. Rxc7 R6f7 40. d6 Rxc7
41. dxc7 Kf7 42. Re5 Bd7 43. Bb7 b4 44. Rc5 Bc8 45. Bxc8 Rxc8 46. Rxf5+ Ke6 47.
Rb5 Rxc7 48. Rxb4 Rc2 49. a4 1-0

[Event "TCh-FRA Top 12 2011"]
[Site "Mulhouse FRA"]
[Date "2011.05.29"]
[Round "4.3"]
[White "Riazantsev, Alexander"]
[Black "David, Alberto"]
[Result "1-0"]
[WhiteTitle "GM"]
[BlackTitle "GM"]
[WhiteElo "2679"]
[BlackElo "2593"]
[WhiteTeam "Club d'Echecs Metz Fischer"]
[BlackTeam "Lutece Echecs"]
[WhiteFideId "4125029"]
[BlackFideId "4000013"]
[EventDate "2011.05.26"]

1. d4 Nf6 2. c4 e6 3. Nf3 d5 4. Nc3 Bb4 5. cxd5 exd5 6. Bg5 h6 7. Bh4 c5 8. e3
c4 9. Nd2 g5 10. Bg3 Nc6 11. Be2 Bf5 12. h4 Rg8 13. hxg5 hxg5 14. Rc1 Qb6 15.
O-O Kf8 16. b3 Qa5 17. bxc4 Bxc3 18. Nb3 Qb4 19. a3 Qe7 20. Rxc3 Ne4 21. Qc1
Nxc3 22. Qxc3 dxc4 23. Bxc4 Rc8 24. d5 Nb8 25. Nd4 Bd7 26. Qd3 Rh8 27. Nb5 Qf6
28. Nd6 Rd8 29. e4 Qh6 30. f3 f5 31. exf5 b5 32. Ba2 Qf6 33. Re1 Rh5 34. Qe3 Kg8
35. Ne4 Qb2 36. d6+ 1-0

[Event "TCh-FRA Top 12 2011"]
[Site "Mulhouse FRA"]
[Date "2011.05.29"]
[Round "4.6"]
[White "Shoker, Samy"]
[Black "Elbilia, Jacques"]
[Result "1/2-1/2"]
[WhiteTitle "IM"]
[BlackTitle "FM"]
[WhiteElo "2466"]
[BlackElo "2390"]
[WhiteTeam "Lutece Echecs"]
[BlackTeam "Club d'Echecs Metz Fischer"]
[WhiteFideId "627143"]
[BlackFideId "9000127"]
[EventDate "2011.05.26"]

1. g3 d5 2. Bg2 Nf6 3. d3 g6 4. Nf3 Bg7 5. c4 dxc4 6. Qa4+ c6 7. Qxc4 Be6 8. Qc2
Na6 9. Ng5 Bc8 10. O-O O-O 11. Nd2 e5 12. a3 Nc7 13. Nc4 Re8 14. e4 h6 15. Nf3
Nh7 16. h3 Ng5 17. Nxg5 hxg5 18. b4 Ne6 19. Be3 b6 20. Rac1 Ba6 21. Nb2 Nd4 22.
Qd1 Rc8 23. Qg4 Ne6 24. Bf3 Rc7 25. Bd1 Bc8 26. Qf3 Nd4 27. Qg2 Be6 28. Kh2 b5
29. Rc5 a5 30. bxa5 Qd6 31. Rc3 Ra7 32. f4 gxf4 33. gxf4 exf4 34. Bxf4 Be5 35.
Qg3 Bxf4 36. Rxf4 Rxa5 37. Bh5 Bd7 38. Nd1 Ne6 39. Rf3 Qxg3+ 40. Rxg3 Rea8 41.
d4 b4 42. axb4 Rxh5 43. Rc2 Ra4 44. d5 cxd5 45. Nc3 Ra7 46. Nxd5 Kg7 47. Rf2 Re5
48. Nf6 Bc6 49. Rc3 Ra6 50. h4 Nd4 51. h5 gxh5 52. Rg3+ Kf8 53. Rg8+ Ke7 54. Rb8
Ne6 55. b5 Rxb5 56. Nd5+ Kd6 57. Rxb5 Bxb5 58. Rxf7 Be2 59. Nc3 Bg4 60. Rf2 Ke5
61. Rc2 Rc6 62. Rc1 Nd4 63. Kg2 Be6 64. Kg3 Rc8 65. Kh4 Bg4 66. Ne2 Nxe2 67.
Rxc8 Bxc8 68. Kxh5 Kxe4 69. Kg5 Ke5 70. Kg6 Be6 71. Kg5 Bf5 72. Kh6 Kf6 73. Kh5
Nf4+ 74. Kh4 Bd7 75. Kg3 Ke5 76. Kf3 Bf5 77. Ke3 Nd5+ 78. Kf3 Nf6 79. Ke3 Be4
80. Ke2 Kd4 81. Kf2 Nh5 82. Ke2 Ng7 83. Kf2 Nf5 84. Ke2 Bd5 85. Kd2 Bc4 86. Kc2
Ne3+ 87. Kb2 Bb5 88. Kb3 Nd5 89. Kc2 Ba4+ 90. Kb2 Kc4 91. Ka3 Bb3 92. Kb2 Kb4
93. Kb1 Kc3 94. Ka1 1/2-1/2

[Event "TCh-FRA Top 12 2011"]
[Site "Mulhouse FRA"]
[Date "2011.05.29"]
[Round "4.7"]
[White "Neiman, Emmanuel"]
[Black "San Emeterio Cabanes, Jose L."]
[Result "1/2-1/2"]
[WhiteTitle "FM"]
[BlackTitle "FM"]
[WhiteElo "2345"]
[BlackElo "2398"]
[WhiteTeam "Club d'Echecs Metz Fischer"]
[BlackTeam "Lutece Echecs"]
[WhiteFideId "601616"]
[BlackFideId "2223120"]
[EventDate "2011.05.26"]

1. c4 e5 2. g3 d6 3. Bg2 f5 4. Nc3 Nf6 5. d3 Be7 6. e4 O-O 7. exf5 Nc6 8. g4 Nd4
9. h3 c6 10. Nge2 h5 11. Ng3 h4 12. Nge4 Nxe4 13. dxe4 g5 14. Be3 Bf6 15. O-O b6
16. Ne2 Nxe2+ 17. Qxe2 c5 18. Rfd1 Bb7 19. Rd3 Rf7 20. Qd2 Rd7 21. a4 a5 22. Rd1
Qe7 23. Qc1 Bc6 24. Qa1 Kg7 25. R1d2 Rad8 26. f3 Qf8 27. Kf2 Be7 28. Ke2 Qf6 29.
Kd1 Kf7 30. Kc2 Bf8 31. Kb3 Ke7 32. Ka3 Rb8 33. Rd1 Kd8 34. Qc1 Bh6 35. Qd2 Kc7
36. Rb3 Ra8 37. Qe1 Rdd8 38. Bd2 Rd7 39. Bc3 Rdd8 40. Bd2 Rd7 41. Rd3 Rdd8 42.
Bf1 Bf8 43. Bc3 Qe7 44. Qd2 Bg7 45. Rd5 Bf6 46. b3 Rd7 47. Qb2 Rg8 48. Bd3 Bb7
49. Rg1 Rdd8 50. Qd2 Rh8 51. Be2 Ra8 1/2-1/2

[Event "TCh-FRA Top 12 2011"]
[Site "Mulhouse FRA"]
[Date "2011.05.29"]
[Round "4.8"]
[White "Pira, Davoud"]
[Black "Hisler, Thomas"]
[Result "1/2-1/2"]
[WhiteTitle "IM"]
[WhiteElo "2403"]
[BlackElo "2262"]
[WhiteTeam "Lutece Echecs"]
[BlackTeam "Club d'Echecs Metz Fischer"]
[WhiteFideId "600407"]
[BlackFideId "617997"]
[EventDate "2011.05.26"]

1. d4 f5 2. Bg5 h6 3. Bf4 Nf6 4. Qd3 e6 5. Nc3 g5 6. Bd2 Nc6 7. a3 d5 8. h4 g4
9. Bf4 Nh5 10. e3 Nxf4 11. exf4 Bg7 12. Nge2 h5 13. Rd1 Bd7 14. Qe3 Qe7 15. Nc1
a6 16. Nb3 b6 17. Ne2 Bf6 18. g3 a5 19. Nbc1 Qg7 20. Bg2 O-O 21. O-O a4 22. c3
Na5 23. Nd3 Nc4 24. Qc1 Bb5 25. Rfe1 Rac8 26. Ne5 c5 27. Qb1 Nd6 28. Nc1 Ne4 1/2-1/2

[Event "TCh-FRA Top 12 2011"]
[Site "Mulhouse FRA"]
[Date "2011.05.29"]
[Round "4.1"]
[White "Bauer, Christian"]
[Black "Hamdouchi, Hicham"]
[Result "1/2-1/2"]
[WhiteTitle "GM"]
[BlackTitle "GM"]
[WhiteElo "2638"]
[BlackElo "2593"]
[WhiteTeam "Vandoeuvre-Echecs"]
[BlackTeam "Clichy-Echecs-92"]
[WhiteFideId "603767"]
[BlackFideId "9000011"]
[EventDate "2011.05.26"]

1. Nf3 d5 2. d4 Nf6 3. c4 c6 4. cxd5 cxd5 5. Nc3 Nc6 6. Bf4 a6 7. Rc1 Bf5 8. e3
Rc8 9. Be2 e6 10. O-O Be7 11. Qb3 Na5 12. Qa4+ Nc6 13. Qb3 Na5 1/2-1/2

[Event "TCh-FRA Top 12 2011"]
[Site "Mulhouse FRA"]
[Date "2011.05.29"]
[Round "4.2"]
[White "Pelletier, Yannick"]
[Black "Meier, Georg"]
[Result "1/2-1/2"]
[WhiteTitle "GM"]
[BlackTitle "GM"]
[WhiteElo "2587"]
[BlackElo "2650"]
[WhiteTeam "Clichy-Echecs-92"]
[BlackTeam "Vandoeuvre-Echecs"]
[WhiteFideId "1301837"]
[BlackFideId "4675789"]
[EventDate "2011.05.26"]

1. d4 Nf6 2. c4 e6 3. Nf3 d5 4. Nc3 dxc4 5. e4 Bb4 6. Bg5 c5 7. Bxc4 cxd4 8.
Nxd4 Qa5 9. Bb5+ Bd7 10. Bxf6 Bxb5 11. Nxb5 gxf6 12. O-O Nc6 13. a3 Bxc3 14.
Nxc3 Rg8 15. f4 Rd8 16. Qe1 Qb6+ 17. Rf2 Nd4 18. Qe3 Ke7 19. Rd1 Nb3 20. Qxb6
axb6 21. Rxd8 Rxd8 22. Kf1 Nd2+ 23. Ke1 Nc4 24. g3 Rd3 25. Rc2 Kd6 26. Ke2 Re3+
27. Kf2 Rd3 28. Ke2 Re3+ 29. Kf2 Rd3 1/2-1/2

[Event "TCh-FRA Top 12 2011"]
[Site "Mulhouse FRA"]
[Date "2011.05.29"]
[Round "4.3"]
[White "Landa, Konstantin"]
[Black "Tregubov, Pavel V."]
[Result "1/2-1/2"]
[WhiteTitle "GM"]
[BlackTitle "GM"]
[WhiteElo "2613"]
[BlackElo "2607"]
[WhiteTeam "Vandoeuvre-Echecs"]
[BlackTeam "Clichy-Echecs-92"]
[WhiteFideId "4101685"]
[BlackFideId "4115341"]
[EventDate "2011.05.26"]

1. d4 Nf6 2. c4 c5 3. d5 b5 4. cxb5 a6 5. b6 e6 6. Nc3 Nxd5 7. Nxd5 exd5 8. Qxd5
Nc6 9. Nf3 Rb8 10. e4 Be7 11. Bc4 O-O 12. O-O Rxb6 13. Bd2 d6 14. Bc3 Be6 15.
Qd3 Bxc4 16. Qxc4 Bf6 17. Rad1 Bxc3 18. bxc3 Qf6 19. Rd3 Re8 20. Rfd1 Ne5 21.
Nxe5 Rxe5 22. f3 1/2-1/2

[Event "TCh-FRA Top 12 2011"]
[Site "Mulhouse FRA"]
[Date "2011.05.29"]
[Round "4.6"]
[White "Maze, Sebastien"]
[Black "Paci, Cedric"]
[Result "1-0"]
[WhiteTitle "GM"]
[BlackTitle "FM"]
[WhiteElo "2571"]
[BlackElo "2389"]
[WhiteTeam "Clichy-Echecs-92"]
[BlackTeam "Vandoeuvre-Echecs"]
[WhiteFideId "613762"]
[BlackFideId "614203"]
[EventDate "2011.05.26"]

1. d4 Nf6 2. c4 e6 3. Nc3 d5 4. Nf3 Be7 5. Bg5 O-O 6. Qc2 dxc4 7. e3 c5 8. Bxc4
cxd4 9. Nxd4 Bd7 10. Rd1 Qa5 11. Bh4 Rd8 12. O-O Nc6 13. Ne4 Rac8 14. Nxf6+ Bxf6
15. Bxf6 gxf6 16. Qe2 Ne5 17. Bb3 f5 18. Qh5 Ba4 19. Qg5+ Ng6 20. h4 Bxb3 21.
axb3 Rd5 22. h5 f4 23. Qf6 Nf8 24. h6 Rg5 25. Qxf4 Rg6 26. Qh4 Rc5 27. Ra1 Qb6
28. f4 Rd5 29. f5 exf5 30. Nxf5 Rxf5 31. Rxf5 Qxe3+ 32. Qf2 Qxb3 33. Rf1 Qb6 34.
Qxb6 axb6 35. Rxf7 1-0